000 01453nam a22003012 4500
001 36304
003 BD-RjUL
005 20211209052452.0
008 140619s1910 xx 000 0 eng
035 _a(BD-RjUL)36401
_aOCLC ocm02605220 from D970501M
040 _aDLC
_cOHI
_dBD-RjUL
_beng
041 _aeng
082 _a943
_bAMD 1910
110 2 _aAmerican Academy of Political and Social Science.
_94440
245 1 4 _aThe development of Germany as a world power :
_bintroductory address /
_cby Hon. Charlemagne Tower, former ambassador of the United States to Germany; address, by Count J. H. von Bernstorff, ambassador extraordinary and plenipotentiary of Germany to the United States. Session of the American academy of political and social science...November 6, 1909.
260 _aPhiladelphia :
_bThe American academy of political and social science,
_c1910.
300 _a14 p. ;
_c26 cm.
490 1 _aSupplement to the Annals of the American Academy of Political and Social Science ;
_vJanuary 1910
651 0 _aGermany
_xHistory
_y1871-
_9110482
651 0 _aGermany
_xEconomic conditions.
_9110483
830 0 _vJanuary 1910
_9110551
700 1 _aTower, Charlemagne,
_d1848-1923.
_9110485
700 1 _aBernstorff, Johann Heinrich,
_cGraf von,
_d1862-1939.
_9110486
830 0 _aSupplement to the Annals of the American Academy of Political and Social Science ;
_9110487
942 _2ddc
_cBK
999 _c36304
_d36304